| 000 | 00963nam a22003017i 4500 | ||
|---|---|---|---|
| 003 | EG-GICUC | ||
| 005 | 20260506094117.0 | ||
| 008 | 260506s1927 fr ||||fr|||| 001 0 fre d | ||
| 040 |
_aEG-GiCUC _cEG-GiCUC _dEG-GiCUC _eRda _bfre |
||
| 041 | _afre | ||
| 082 | 0 | 4 |
_221 _a345.143 _bAP . T |
| 092 | 0 | 4 | _221 |
| 099 | _aLaw1 07 345.143 AP . T 1927 | ||
| 100 | 1 |
_a Appleton,Jean _eAuthor. |
|
| 245 | 1 | 0 |
_aTraité Élémentaire du Contentieux Administratif: _bCompétence - Juridictions - Recours / _cJean Appleton. |
| 264 |
_aParis: _bLibrairie Dalloz, _c1927. |
||
| 300 |
_a page ; 681 _c 24 cm. |
||
| 336 |
_2rda contenu _a texte |
||
| 337 |
_2rda medias _aOrdinateur |
||
| 338 |
_2 transporteur rda _a Ressource en ligne |
||
| 546 | _aTexte en français | ||
| 650 | 1 | _2Droit administratif | |
| 650 | 1 | _2Traité Élémentaire | |
| 651 | 1 | _2qrmak | |
| 856 | 4 | 0 | _uhttps://fll.law.cu.edu.eg/fulltext/bks/B07-05461.pdf |
| 905 | _a72 | ||
| 942 |
_2ddc _cBK _e21 _n0 |
||
| 999 |
_c75967 _d75967 |
||